honkai star rail quiz - Statistiques

Statistiques générales
  • Ce quiz a été pris 354 fois
  • Le résultat moyen est 41 sur 68
Statistiques - réponses
Hint Réponse % Correct
Element feu
92%
Element glace
91%
voie destruction
87%
Element imaginaire
85%
Element vent
85%
voie chasse
84%
Element foudre
83%
voie nihilité
82%
Banniere debutant himeko
81%
boss monde simulé gepard
80%
Banniere debutant gepard
80%
Element physique
80%
Banniere debutant bronya
79%
voie preservation
79%
Element quantique
79%
Banniere debutant welt
79%
Combien faut t il de voeux pour un 4 star max garanti 10
77%
Combien y as t il de monde dans l univers simule 6
76%
Quel est le niveau max d un personnage 80
76%
voie abondance
76%
Personnage 5 star 1ere banniere seele
76%
boss monde simulé kafka
75%
personnage a venir kafka
75%
Combien faut t il de voeux pour un 5 star max garanti 90
74%
voie harmonie
74%
Banniere debutant bailu
72%
Banniere debutant clara
71%
voie erudition
71%
a combien est la soft pity 70
68%
personnage a venir blade
68%
personnage 4 star venant de la spation spatiale herta herta
68%
Personnage 4 star 3eme banniere asta
66%
Banniere debutant yanqing
65%
Personnage 5 star 2eme banniere jing yuan
62%
Personnage principal pionnier
61%
Present dans le corps du pionnier stellaron
61%
nom du train au quel nous fesons parti astral express
59%
Personnage 4 star 3eme banniere dan heng
59%
Personnage 5 star 3eme banniere silver wolf
59%
personnage 4 star venant de la spation spatiale herta arlan
56%
Personnage 4 star 2eme banniere march 7th
50%
Personnage 4 star 1ere banniere natasha
50%
personnage a venir luocha
49%
Personnage 4 star 1ere banniere pela
49%
Personnage 4 star 2eme banniere tingyun
49%
Nombres de zone dans la salle oubliée 15
48%
autre nom pour artefact reliques
48%
personnage 4 star venant de jarilo sampo
48%
voie monde simulé souvenir
48%
boss monde simulé cocolia
46%
Personnage 4 star 3eme banniere serval
46%
Personnage 4 star 1ere banniere hook
45%
zone jarilo
45%
voie monde simulé allegresse
43%
comment appele t on l arbre des capacites d un personnage traces
42%
personnage a venir yukong
42%
personnage a venir fu xuan
40%
nombre d etoiles dans la salle oublie 45
38%
boss monde simulé svarog
38%
personnage a venir luka
36%
Personnage 4 star 2eme banniere sushang
36%
Personnage 4 star venant du luofu de xianzhou qingque
31%
Comment apelle t on les armes des personnages cones de lumieres
29%
Tu as besoin de 160 pour faire un voeux jade stellaires
26%
zone luofu de xianzhou
23%
3 par semaine Echo de la guerre
19%
nom de l hologramme devant la salle oublie Messagere
15%
zone spation spatiale herta
13%
Aucun quiz correspondant
Distribution des résultats
% des personnes avec chaque résultat
Percentile par nombre de réponses
Votre historique - résultats
Vous n’avez pas pris ce quiz